মুর্শিদাবাদ-কাহিনী: (Record no. 27098)

MARC details
000 -LEADER
fixed length control field 00867nam a22002057a 4500
003 - CONTROL NUMBER IDENTIFIER
control field BDDh-ASL
005 - DATE AND TIME OF LATEST TRANSACTION
control field 20231015030726.0
008 - FIXED-LENGTH DATA ELEMENTS--GENERAL INFORMATION
fixed length control field 211011s1945 ii ||||| |||| 00| 0 b d
040 ## - CATALOGING SOURCE
Transcribing agency BDDh-ASL
082 ## - DEWEY DECIMAL CLASSIFICATION NUMBER
Classification number 929.2
Item number ROM
100 1# - MAIN ENTRY--PERSONAL NAME
9 (RLIN) 5379
Personal name রায়, নিখিলনাথ
245 10 - TITLE STATEMENT
Title মুর্শিদাবাদ-কাহিনী:
Remainder of title প্রথম সংক্ষিপ্ত সংস্করণ (পুনর্মুদ্রণ) /
246 ## - VARYING FORM OF TITLE
Title proper/short title Murshidabad-Kahini
260 ## - PUBLICATION, DISTRIBUTION, ETC.
Place of publication, distribution, etc. কলিকাতা:
Name of publisher, distributor, etc. কলিকাতা বিশ্ববিদ্যালয়,
Date of publication, distribution, etc. ১৯৪৫।
300 ## - PHYSICAL DESCRIPTION
Extent ৯৮ পৃষ্ঠা, :
Dimensions ১৮ সে. মি.
600 10 - SUBJECT ADDED ENTRY--PERSONAL NAME
9 (RLIN) 4922
Personal name সিরাজউদৌলা, নবাব
650 #0 - SUBJECT ADDED ENTRY--TOPICAL TERM
9 (RLIN) 4586
Topical term or geographic name entry element History (ইতিহাস)
650 #0 - SUBJECT ADDED ENTRY--TOPICAL TERM
9 (RLIN) 127
Topical term or geographic name entry element History Bihar and Bengal
942 ## - ADDED ENTRY ELEMENTS (KOHA)
Source of classification or shelving scheme Dewey Decimal Classification
Koha item type Books
Holdings
Withdrawn status Lost status Source of classification or shelving scheme Damaged status Not for loan Collection code Home library Current library Shelving location Date acquired Source of acquisition Total Checkouts Full call number Barcode Date last seen Copy number Price effective from Koha item type Public note
    Dewey Decimal Classification   Not For Loan Non-fiction Asiatic Society Library Asiatic Society Library General Stacks 10/23/2021 ASB Collection   929.2 ROM 113175 10/23/2021 C-1 10/23/2021 Books RARE

Powered by Koha